Hematology : (Record no. 13776)
[ view plain ]
| 000 -LEADER | |
|---|---|
| fixed length control field | 00484nam a22001697a 4500 |
| 003 - CONTROL NUMBER IDENTIFIER | |
| control field | OSt |
| 005 - DATE AND TIME OF LATEST TRANSACTION | |
| control field | 20140310182458.0 |
| 008 - FIXED-LENGTH DATA ELEMENTS--GENERAL INFORMATION | |
| fixed length control field | 130806t xxu||||| |||| 00| 0 eng d |
| 020 ## - INTERNATIONAL STANDARD BOOK NUMBER | |
| International Standard Book Number | 9780323043113 |
| 050 ## - LIBRARY OF CONGRESS CALL NUMBER | |
| Classification number | RB 145 |
| Item number | .H884 2012 |
| 100 ## - MAIN ENTRY--PERSONAL NAME | |
| Personal name | Huddnall, S. David |
| 9 (RLIN) | 8537 |
| 245 ## - TITLE STATEMENT | |
| Title | Hematology : |
| Remainder of title | a pathophysiologic approach / |
| Statement of responsibility, etc | S. David Hudnall. |
| 260 ## - PUBLICATION, DISTRIBUTION, ETC. (IMPRINT) | |
| Place of publication, distribution, etc | USA : |
| Name of publisher, distributor, etc | Mosby Inc. |
| Date of publication, distribution, etc | c2012. |
| 300 ## - PHYSICAL DESCRIPTION | |
| Extent | xiii. 174 p. : |
| Other physical details | ill. col. ; |
| Dimensions | 31 cm. |
| 942 ## - ADDED ENTRY ELEMENTS (KOHA) | |
| Source of classification or shelving scheme | Library of Congress Classification |
| Koha item type | |
| Withdrawn status | Lost status | Source of classification or shelving scheme | Damaged status | Home library | Current library | Shelving location | Date acquired | Total Checkouts | Total Renewals | Full call number | Barcode | Date last seen | Date checked out | Copy number | Price effective from | Koha item type |
|---|---|---|---|---|---|---|---|---|---|---|---|---|---|---|---|---|
| Library of Congress Classification | South SEED-LPDH College Library | South SEED-LPDH College Library | South SEED-LPDH College Section | 08/06/2013 | 2 | 4 | RB 145 .H884 2012 | SSLC0191 | 05/15/2018 | 04/06/2018 | 1 | 08/06/2013 | Books |